00361nam a2200145Ia 4500008004100000020001800041082000800059100002400067245004100091250000600132260003300138300001000171500002400181650001000205230524s9999 xx 000 0 und d a9789327216998 bSAM aSusanta Kumar Samal 2aA Text Book Of Strength of Materials a1 aNew Delhibkalyani pubc2012 a391p; aQuantity Number: 1 aCivil